[Event "Oberbayerische Jugend-EM 2014/15  U18/U18w"]
[Site "Riedenburg"]
[Date "2015.02.18"]
[Round "1"]
[White "Rozbicki, Martin"]
[Black "Taffner, Laurenz"]
[Result "1-0"]
[BlackElo "1176"]
[WhiteElo "1448"]

1.d4 d5 2.c4 e6 3.Nc3 Nc6 4.Nf3 h6 5.e4 Nf6 6.exd5 exd5 7.cxd5 Nxd5 8.Bc4 Be6 9.Qe2
Bb4 10.Bd2 Nce7 11.O-O Bxc3 12.bxc3 O-O 13.Bb3 Ng6 14.c4 Nf6 15.h3 Re8 16.Qd3 c6
17.Rfe1 Qd7 18.Bc2 Rad8 19.Be3 Kf8 20.Rad1 Bxh3 21.gxh3 Qxh3 22.Nh2 Nh4 23.Qf1 Nf3+
24.Nxf3 Qxf3 25.Qg2 Qh5 26.f3 b6 27.Bf2 Qa5 28.Bb3 Qf5 29.Rxe8+ Rxe8 30.Re1 Rd8 31.Re5
Qf4 32.Re1 Nh5 33.Qg4 Qxg4+ 34.fxg4 Nf4 35.Re3 Rd6 36.Kf1 Nh3 37.Rxh3 Rg6 38.Rh5
Ke7 39.a3 b5 40.a4 bxa4 41.Bxa4 Kd6   1-0

[Event "Oberbayerische Jugend-EM 2014/15  U18/U18w"]
[Site "Riedenburg"]
[Date "2015.02.18"]
[Round "1"]
[White "Adlkofer, Georg"]
[Black "Gahn, Samuel"]
[Result "1-0"]
[BlackElo "1206"]
[WhiteElo "1325"]

1.c4 e5 2.Nc3 d6 3.g3 Nf6 4.Bg2 c6 5.d3 Be7 6.a3 O-O 7.Nf3 Nbd7 8.O-O h6 9.b4 a6 10.Nd2
Qb6 11.Nde4 d5 12.Nxf6+ Nxf6 13.cxd5 Qd4 14.dxc6 Qxc3 15.Bd2 Qb2 16.cxb7 Bxb7 17.Bxb7
Ra7 18.Bf3 Rc8 19.Be3 Rac7 20.Qb1 Qc2 21.Qxc2 Rxc2 22.Rfc1 R2c3 23.Bb7 Rxc1+ 24.Rxc1
Rxc1+ 25.Bxc1 a5 26.bxa5 Bc5 27.Be3 Bxe3 28.fxe3 Nd7 29.a6 Nb6 30.a7 f5 31.a4   1-0

[Event "Oberbayerische Jugend-EM 2014/15  U18/U18w"]
[Site "Riedenburg"]
[Date "2015.02.18"]
[Round "1"]
[White "Schneider, Moritz"]
[Black "Krastina, Alma"]
[Result "1-0"]
[BlackElo "1283"]
[WhiteElo "1295"]

1.e4 c5 2.Nf3 Nc6 3.d4 cxd4 4.Nxd4 g6 5.Nxc6 bxc6 6.Bc4 Bg7 7.Nc3 d6 8.Bf4 Nf6 9.e5
dxe5 10.Qxd8+ Kxd8 11.Bxe5 e6 12.O-O Ke7 13.Bd3 Rb8 $4 14.Bxb8 Nd5 15.Nxd5+ cxd5 16.Bxa7
Bxb2 17.Rab1 Be5 18.f4 Bd6 19.Bd4 Rg8 20.Be5 Bc5+ 21.Kh1 g5 22.fxg5 Rxg5 23.Bf6+
  1-0

[Event "Oberbayerische Jugend-EM 2014/15  U18/U18w"]
[Site "Riedenburg"]
[Date "2015.02.19"]
[Round "2"]
[White "Gahn, Samuel"]
[Black "Schneider, Moritz"]
[Result "1/2-1/2"]
[BlackElo "1295"]
[WhiteElo "1206"]

1.Nf3 Nc6 2.g3 e5 3.d3 d5 4.Bg2 Nf6 5.O-O Bc5 6.Nbd2 O-O 7.e4 d4 8.Nc4 Bg4 9.Qe1 Bxf3
10.Bxf3 h6 11.Bg2 b5 12.Nd2 a5 13.Nb3 Bb6 14.Qd1 Ne7 15.f4 Qd6 16.fxe5 Qxe5 17.Bf4
Qe6 18.Bf3 Ra7 19.Qe2 Ng6 20.Bg2 Nxf4 21.Rxf4 c5 22.Rf5 Qe7 23.e5 c4 24.Nc1 Nd7 25.Bd5
c3 26.Rb1 b4 27.e6 fxe6 28.Bxe6+ Kh8 29.Bxd7 Rf7 30.Be6 Rxf5 31.Bxf5 Qxe2 32.Nxe2
Rf7 33.Rf1 g6 34.bxc3 dxc3+ 35.Kg2 Rxf5 36.Rxf5 gxf5 37.Nc1 Kg7 38.Kf3 Kf6 39.g4
Ke5 40.h4 Ba7 41.gxf5 Kxf5 42.Kg3 Kg6 43.Ne2 Be3 44.d4 a4 45.d5 b3 46.axb3 a3 47.Nxc3
Bc5 48.Na2 Kh5 49.c3 Be7 50.Kh3 Bxh4 51.d6 Bd8 52.d7 Kg6 53.Kg4 Kf6 54.Kh5 Ke6 55.Kxh6
Kxd7 56.Kg6 Ke6 57.c4 Kd6 58.b4 Kc6 59.Kf5 Be7   1/2-1/2

[Event "Oberbayerische Jugend-EM 2014/15  U18/U18w"]
[Site "Riedenburg"]
[Date "2015.02.19"]
[Round "2"]
[White "Taffner, Laurenz"]
[Black "Adelkofer, Georg"]
[Result "1/2-1/2"]
[BlackElo "1325"]
[WhiteElo "1176"]

1.e4 e5 2.Nf3 Nc6 3.d4 exd4 4.Nxd4 Nxd4 5.Qxd4 d6 6.Be2 Be7 7.Qxg7 Bf6 8.Qg3 Be5 9.Bf4
Bxb2 10.c3 Bxa1 11.e5 Ne7 12.exd6 Nf5 13.dxc7 Nxg3 14.cxd8=Q+ Kxd8 15.Bxg3 Ke7 16.Be5
f6 17.Bd4 b6 18.Kd2 Bf5 19.g4 Be4 20.f3   1/2-1/2

[Event "Oberbayerische Jugend-EM 2014/15  U18/U18w"]
[Site "Riedenburg"]
[Date "2015.02.19"]
[Round "2"]
[White "Huber, Michael"]
[Black "Rozbicki, Martin"]
[Result "1/2-1/2"]
[BlackElo "1448"]
[WhiteElo "1717"]

1.d4 Nf6 2.c4 e6 3.g3 Bb4+ 4.Bd2 Bxd2+ 5.Qxd2 d5 6.Bg2 O-O 7.Nf3 c6 8.O-O Nbd7 9.Nc3
Qc7 10.Rac1 Qd6 11.Rfd1 dxc4 12.e4 Qe7 13.e5 Nd5 14.Ne4 N7b6 15.Qe2 Bd7 16.Nfg5 f6
17.Nh3 Be8 18.g4 Bg6 19.Kh1 Bxe4 20.Bxe4 fxe5 21.dxe5 Rf7 22.Rg1 g5 23.Rg3 Raf8 24.Rcg1
Nf4 25.Nxf4   1/2-1/2

[Event "Oberbayerische Jugend-EM 2014/15  U18/U18w"]
[Site "Riedenburg"]
[Date "2015.02.19"]
[Round "3"]
[White "Adlkofer, Georg"]
[Black "Huber, Michael"]
[Result "1/2-1/2"]
[BlackElo "1717"]
[WhiteElo "1325"]

1.c4 Nf6 2.Nc3 e5 3.d3 Nc6 4.Nf3 d5 5.cxd5 Nxd5 6.Nxd5 Qxd5 7.g3 Be6 8.Bg2 Bc5 9.O-O
Qd7 10.Qc2 Bb6 11.a3 f6 12.Bd2 O-O 13.Rac1 Rad8 14.b4 Kh8 15.a4 a5 16.bxa5 Nxa5 17.Bb4
Rf7 18.Nd2 Bd5 19.Bxd5 Qxd5 20.Nc4 Nxc4 21.Qxc4 Qxc4 22.Rxc4 Ra8 23.Ra1 Bd4 24.Bc3
b5 25.Rc6 bxa4 26.Bxd4 exd4 27.Rc4 a3 28.Rxd4 g5 29.Rc4 c5 30.Rxc5 Rb7 31.Rc2 Kg7
32.Rca2 Rb3 33.Kf1 f5 34.Ke1 Kf6 35.Kd1 Ke5 36.Kc2 Rab8 37.Rxa3 Rb2+ 38.Kd1 Rb1+
39.Rxb1 Rxb1+ 40.Kd2 Rh1 41.Ra5+ Ke6 42.e4 fxe4 43.dxe4 Rxh2   1/2-1/2

[Event "Oberbayerische Jugend-EM 2014/15  U18/U18w"]
[Site "Riedenburg"]
[Date "2015.02.19"]
[Round "3"]
[White "Schneider, Moritz"]
[Black "Taffner, Laurenz"]
[Result "1-0"]
[BlackElo "1176"]
[WhiteElo "1295"]

1.e4 e5 2.Nf3 Nc6 3.d4 exd4 4.Nxd4 Bc5 5.Nxc6 Qf6 6.Qd2 Qxc6 7.Nc3 Nf6 8.Bd3 O-O 9.O-O
Re8 10.Re1 d5 11.Bb5 Nxe4 12.Bxc6 Nxd2 13.Rxe8+ Bf8 14.Bxb7 Bxb7 15.Rxa8 Bxa8 16.Bxd2
c5 17.Kf1 Bc6 18.Re1 d4 19.Ne4 f5 20.Ng5 g6 21.c3 h6 22.Nf3 Bg7 23.cxd4 cxd4 24.Ne5
Bb5+ 25.Kg1 g5 26.Bb4 d3 27.Bc3 a6 28.Rd1 Bxe5 29.Bxe5 Kf7 30.b3 Ke6 31.a4 Bc6 32.Bg7
Be4 33.f3 Bd5 34.Rxd3 h5 35.b4 Bc4 36.Rc3 Be2 37.Re3+ Kf7 38.Rxe2 Kxg7 39.Re6 Kf7
40.Rxa6 g4 41.fxg4 fxg4 42.Rc6 h4 43.a5 g3 44.hxg3 h3 45.gxh3 Ke7 46.a6 Kd7 47.Rc1
Kd6 48.a7 Kd5 49.a8=Q+ Kd4 50.Qd8+ Ke4 51.Re1+ Kf5 52.Qf8+ Kg5 53.Re7 Kh5 54.Rg7
Kh6 55.Qh8#   1-0

[Event "Oberbayerische Jugend-EM 2014/15  U18/U18w"]
[Site "Riedenburg"]
[Date "2015.02.19"]
[Round "3"]
[White "Krastina, Alma"]
[Black "Gahn, Samuel"]
[Result "1/2-1/2"]
[BlackElo "1206"]
[WhiteElo "1283"]

1.e4 e5 2.Nf3 d6 3.d4 Nf6 4.dxe5 Nxe4 5.exd6 Bxd6 6.Bd3 Nc5 7.Bc4 Be6 8.Bxe6 Nxe6
9.O-O O-O 10.Nc3 c6 11.Ne4 Bf4 12.Qxd8 Rxd8 13.Bxf4 Nxf4 14.Nc5 b6 15.Rad1 Rd5 16.Rxd5
Nxd5 17.Re1 Nf6 18.Ne4 Nxe4 19.Rxe4 Nd7 20.Nd4 Nf6 21.Re1 c5 22.Nc6 g6 23.Re7 a5
24.h3 Re8 25.Rxe8+ Nxe8 26.Ne7+ Kg7 27.a4 Nc7 28.Nc6 f6   1/2-1/2

[Event "Oberbayerische Jugend-EM 2014/15  U18/U18w"]
[Site "Riedenburg"]
[Date "2015.02.20"]
[Round "4"]
[White "Taffner, Laurenz"]
[Black "Krastina, Alma"]
[Result "0-1"]
[BlackElo "1283"]
[WhiteElo "1176"]

1.e4 c5 2.Nf3 Nc6 3.Nc3 g6 4.d4 cxd4 5.Nxd4 Bg7 6.Be3 d6 7.Bb5 Bd7 8.O-O Nf6 9.Nd5
Nxe4 10.c3 O-O 11.Re1 e6 12.Nb4 Nxb4 13.cxb4 Bxb5 14.Nxb5 Bxb2 15.Rb1 Nc3 16.Qb3
Nxb5 17.Qxb2 Qh4 18.Rbc1 Rfc8 19.Red1 d5 20.g3 Qe4 21.Rxc8+ Rxc8 22.a4 d4 23.Bxd4
Nxd4 24.Rxd4 Qe1+ 25.Kg2 e5 26.Rd7 Qe4+ 27.f3 Rc2+ 28.Kh3 Qf5+ 29.g4 Qxf3+   0-1

[Event "Oberbayerische Jugend-EM 2014/15  U18/U18w"]
[Site "Riedenburg"]
[Date "2015.02.20"]
[Round "4"]
[White "Huber, Michael"]
[Black "Schneider, Moritz"]
[Result "1-0"]
[BlackElo "1295"]
[WhiteElo "1717"]

1.e4 d6 2.d4 Nf6 3.Nc3 c6 4.Nf3 e5 5.dxe5 dxe5 6.Qxd8+ Kxd8 7.Nxe5 Ke8 8.Bc4 Be6 9.Bxe6
fxe6 10.Bg5 Bb4 11.O-O-O Nbd7 12.Nxd7 Nxd7 13.Ne2 Nb6 14.c3 Bc5 15.Nf4 Kf7 16.Nd3
Be7 17.Ne5+ Ke8 18.Bxe7 Kxe7 19.Rd3 Rad8 20.Rhd1 Rxd3 21.Rxd3 Rd8 22.Rh3 Kf6 23.f4
g5 24.Rh6+ Kg7 25.fxg5 Rf8 26.g3 Rf1+ 27.Kc2 Rf2+ 28.Kb3 Re2 29.Ng4 Rxe4 30.Nf6 Re2
31.Rxh7+ Kg6 32.h4 Nd5 33.Nxd5 cxd5 34.Rxb7 Rg2 35.Rxa7 Rxg3 36.a4 Rh3 37.a5 Rxh4
38.Re7 Kf5 39.a6 Rh1 40.Kc2 Ra1 41.a7 Ra6 42.b4 Kxg5 43.b5 Ra5 44.b6 Kf6 45.Re8 Ke5
46.b7 Rxa7 47.b8=Q+ Kf6 48.Qxa7 Ke5 49.Qe3+   1-0

[Event "Oberbayerische Jugend-EM 2014/15  U18/U18w"]
[Site "Riedenburg"]
[Date "2015.02.20"]
[Round "4"]
[White "Rozbicki, Martin"]
[Black "Adlkofer, Georg"]
[Result "1/2-1/2"]
[BlackElo "1325"]
[WhiteElo "1448"]

1.d4 d5 2.c4 c6 3.Nc3 Nf6 4.Nf3 Nbd7 5.e3 e6 6.Bd3 c5 7.O-O Nb6 8.b3 a6 9.Re1 Bd6
10.a3 O-O 11.dxc5 Bxc5 12.b4 Be7 13.c5 Nbd7 14.Bb2 Qc7 15.e4 dxe4 16.Bxe4 Rd8 17.Qb3
Nxe4 18.Nxe4 Qf4 19.Rac1 Nf6 20.Nxf6+ Bxf6 21.Bxf6 Qxf6 22.Red1 Bd7 23.Qc3 Qxc3 24.Rxc3
Bc6 25.Rcd3 Rxd3 26.Rxd3 f6 27.Nd2 Bd5 28.f3 Kf7 29.Ne4 Bxe4 30.fxe4 Ke7 31.Kf2 Rd8
32.Rxd8 Kxd8 33.Ke3 e5 34.a4 Kc7 35.b5 h5 36.Kf3 g6 37.h3 a5 38.g4 hxg4+ 39.hxg4
g5 40.Ke3 b6 41.c6 $2 Kd6 42.Kd3 Ke6 43.Kc3 Ke7   1/2-1/2

[Event "Oberbayerische Jugend-EM 2014/15  U18/U18w"]
[Site "Riedenburg"]
[Date "2015.02.20"]
[Round "5"]
[White "Schneider, Moritz"]
[Black "Rozbicki, Martin"]
[Result "0-1"]
[BlackElo "1448"]
[WhiteElo "1295"]

1.e4 c5 2.Nc3 d6 3.d4 cxd4 4.Qxd4 a6 5.Nf3 Nc6 6.Qd1 Bg4 7.Be2 Nf6 8.h3 Bd7 9.O-O
g6 10.Be3 Bg7 11.Qd3 O-O 12.a3 Rc8 13.Rab1 Qc7 14.Rfc1 Nd8 15.Bf4 Ne6 16.Bg3 Nc5
17.Qe3 Bc6 18.e5 Nfe4 19.Nxe4 Nxe4 20.exd6 Nxd6 21.Qd2 Ne4 22.Qf4 Nxg3 23.Qxg3 Qxg3
24.fxg3 Rfe8 25.c3 e5 26.Bc4 Bxf3 27.Bxf7+ Kxf7 28.gxf3 e4 29.fxe4 Rxe4 30.Rf1+ Ke6
31.Rbd1 Re5 32.Rf3 Rd5 33.Re3+ Kd6 34.Rde1 Kc7 35.Re7+ Rd7 36.Kf2 Rcd8 37.R1e2 Rxe7
38.Rxe7+ Rd7 39.Rxd7+ Kxd7 40.Ke3 Kd6 41.Kd3 h5 42.Kc4 g5 43.g4 hxg4 44.hxg4 b5+
45.Kb4 Kc6 46.a4 Kb6 47.axb5 axb5 48.c4 bxc4 49.Kxc4 Bxb2 50.Kd5 Bc1 51.Ke5 Kc5 52.Ke4
Kc4 53.Kf3 Kd3 54.Kg3 Ke3 55.Kg2 Kf4 56.Kh3 Kf3 57.Kh2 Kxg4 58.Kg2 Ba3 59.Kh1 Kh3
60.Kg1 Kg3 61.Kh1 g4 62.Kg1 Bc5+ 63.Kh1 Kf2 64.Kh2 g3+   0-1

[Event "Oberbayerische Jugend-EM 2014/15  U18/U18w"]
[Site "Riedenburg"]
[Date "2015.02.20"]
[Round "5"]
[White "Krastina, Alma"]
[Black "Huber, Michael"]
[Result "0-1"]
[BlackElo "1717"]
[WhiteElo "1283"]

1.e4 c5 2.Nf3 d6 3.c3 Nf6 4.e5 dxe5 5.Nxe5 Nbd7 6.Bb5 a6 7.Qb3 e6 8.Bxd7+ Nxd7 9.d4
cxd4 10.cxd4 Nxe5 11.dxe5 Qa5+ 12.Nc3 Qxe5+ 13.Be3 b5 14.O-O Bd6 15.g3 Bb7 16.Ne2
Qh5 17.Nf4 Qf3   0-1

[Event "Oberbayerische Jugend-EM 2014/15  U18/U18w"]
[Site "Riedenburg"]
[Date "2015.02.20"]
[Round "5"]
[White "Gahn, Samuel"]
[Black "Taffner, Laurenz"]
[Result "0-1"]
[BlackElo "1176"]
[WhiteElo "1206"]

1.Nf3 Nc6 2.g3 e5 3.e4 Nf6 4.d3 d5 5.Nbd2 Bc5 6.Bg2 O-O 7.O-O d4 8.a3 Re8 9.Nh4 Be6
10.Nf5 Qd7 11.Qf3 h5 12.Bh3 g5 13.Nh6+ Kh7 14.Bxe6 Qxe6 15.Nf5 Rg8 16.Qe2 g4 17.f3
Ne7 18.fxg4 Nxg4 19.Nxe7 Bxe7 20.Rf5 Rg5 21.Rxg5 Bxg5 22.h4 Be3+ 23.Kg2 Rf8 24.Nb3
b6 25.Bd2 f5 26.Bxe3 Nxe3+ 27.Kh1 Qg6 28.Rg1 fxe4 29.dxe4 Qxe4+ 30.Kh2 Qxc2 31.Qxc2+
Nxc2 32.Nd2 Rf2+ 33.Rg2 Rxg2+ 34.Kxg2 Kg6 35.Kf3 Kf5 36.Nc4 e4+ 37.Kf2 Kg4 38.Ne5+
Kf5 39.Nf7 d3   0-1

[Event "Oberbayerische Jugend-EM 2014/15  U18/U18w"]
[Site "Riedenburg"]
[Date "2015.02.21"]
[Round "6"]
[White "Huber, Michael"]
[Black "Gahn, Samuel"]
[Result "1-0"]
[BlackElo "1206"]
[WhiteElo "1717"]

1.e4 e5 2.Nf3 d6 3.Bc4 Be7 4.d4 Nf6 5.Nc3 Nbd7 6.O-O O-O 7.a3 c6 8.Ba2 Qc7 9.Bg5 Re8
10.Nh4 h6 11.Bxf6 Nxf6 12.dxe5 dxe5 13.Qf3 Bg4 14.Qg3 Rad8 15.h3 Bc8 16.Nf5 Bxf5
17.exf5 Bd6 18.Ne2 Kh8 19.Qb3 Rf8 20.Rad1 Rd7 21.Rfe1 Bc5 22.Rxd7 Qxd7 23.Qc4 Qd2
24.Kf1 b6 25.b4 Be7 26.Qxc6 Qd6 27.Qxd6 Bxd6 28.Rd1 Bc7 29.Nc3 Nh5 30.Rd7 Bb8 31.Rxf7
Rxf7 32.Bxf7 Nf4 33.h4 h5 34.g3 Nh3 35.Kg2 Nf4+ 36.gxf4 exf4 37.Bxh5 Kh7 38.Bg6+
Kh6 39.f3 a5 40.Ne4 axb4 41.Ng5   1-0

[Event "Oberbayerische Jugend-EM 2014/15  U18/U18w"]
[Site "Riedenburg"]
[Date "2015.02.21"]
[Round "6"]
[White "Rozbicki, Martin"]
[Black "Krastina, Alma"]
[Result "0-1"]
[BlackElo "1283"]
[WhiteElo "1448"]

1.d4 d5 2.c4 Nf6 3.cxd5 Qxd5 4.Nc3 Qd8 5.Bg5 e6 6.Nf3 h6 7.Bh4 Be7 8.e3 Nd5 9.Bxe7
Qxe7 10.e4 Nxc3 11.bxc3 O-O 12.Bd3 c5 13.O-O cxd4 14.cxd4 Nc6 15.d5 exd5 16.exd5
Nb4 17.Bc4 Rd8 18.Qb3 a5 19.a3 Na6 20.h3 Nc5 21.Qa2 Qf6 22.Nh2 Ne4 23.f3 Qd4+ 24.Rf2
Nxf2 25.Qxf2 Qxa1+ 26.Nf1 b5 27.Qb6 Ba6 28.Bxb5 Bxb5 29.Qxb5 Qd4+   0-1

[Event "Oberbayerische Jugend-EM 2014/15  U18/U18w"]
[Site "Riedenburg"]
[Date "2015.02.21"]
[Round "6"]
[White "Adlkofer, Georg"]
[Black "Schneider, Moritz"]
[Result "1/2-1/2"]
[BlackElo "1295"]
[WhiteElo "1325"]

1.c4 d6 2.Nc3 c6 3.g3 Nf6 4.Bg2 Qc7 5.d3 e5 6.Nf3 Be7 7.O-O O-O 8.a3 Nbd7 9.b4 b6
10.b5 Bb7 11.a4 a6 12.Bd2 axb5 13.axb5 Nc5 14.Qc2 h6 15.Rfb1 Rfd8 16.Nh4 Rxa1 17.Rxa1
Rc8 18.Nf5 Kf8 19.bxc6 Bxc6 20.Bxc6 Qxc6 21.Nb5 Ra8 22.Rxa8+ Qxa8 23.Nbxd6 Bxd6 24.Nxd6
Qd8 25.Nb5 Qd7 26.Kg2 Qf5 27.Qa2 Kg8 28.Qa8+ Kh7 29.Qf3 Qg6 30.Nd6 e4 31.dxe4 Ncxe4
32.Nxe4 Nxe4 33.Be3 Qc6 34.Bxb6 Qxc4 35.Qd3 Qc6 36.f3 Qxb6 37.Qxe4+ g6 38.g4 Qf6
39.Kg3 Qd6+ 40.Qf4 Qe6 41.h4 f6 42.Qc7+ Kg8 43.e4 g5 44.hxg5 hxg5 45.Qd8+ Kg7 46.Qd5
Qe7 47.Qd3 Qe5+ 48.Kf2 Qh2+   1/2-1/2

[Event "Oberbayerische Jugend-EM 2014/15  U18/U18w"]
[Site "Riedenburg"]
[Date "2015.02.21"]
[Round "7"]
[White "Krastina, Alma"]
[Black "Adlkofer, Georg"]
[Result "1/2-1/2"]
[BlackElo "1325"]
[WhiteElo "1283"]

1.e4 c6 2.d4 d5 3.exd5 cxd5 4.Nc3 e6 5.Nf3 Nf6 6.Bg5 Be7 7.Bb5+ Bd7 8.Bxd7+ Nbxd7
9.O-O O-O 10.Re1 Nb6 11.Bxf6 Bxf6 12.b3 Rc8 13.Ne2 Qe7 14.a3 Rc7 15.Ne5 Nd7 16.Nxd7
Qxd7 17.Ng3 g6 18.Qd3 a6 19.a4 Rfc8 20.Re2 Bg7   1/2-1/2

[Event "Oberbayerische Jugend-EM 2014/15  U18/U18w"]
[Site "Riedenburg"]
[Date "2015.02.21"]
[Round "7"]
[White "Gahn, Samuel"]
[Black "Rozbicki, Martin"]
[Result "1/2-1/2"]
[BlackElo "1448"]
[WhiteElo "1206"]

1.Nf3 d5 2.g3 g6 3.Bg2 Bg7 4.d3 Nc6 5.Nbd2 Nf6 6.O-O Bf5 7.Qe1 Qd7 8.e4 dxe4 9.dxe4
Bh3 10.e5 Nd5 11.Qe4 Bxg2 12.Kxg2 O-O-O 13.Nc4 f5 14.exf6 exf6 15.Rd1 Qf7 16.c3 
 1/2-1/2

[Event "Oberbayerische Jugend-EM 2014/15  U18/U18w"]
[Site "Riedenburg"]
[Date "2015.02.21"]
[Round "7"]
[White "Taffner, Laurenz"]
[Black "Huber, Michael"]
[Result "0-1"]
[BlackElo "1717"]
[WhiteElo "1176"]

1.e4 c5 2.c3 d6 3.d4 Nf6 4.Bd3 Nbd7 5.Be3 g6 6.Nf3 Bg7 7.O-O O-O 8.Re1 a6 9.Na3 b5
10.b4 c4 11.Bc2 Bb7 12.Bf4 Qb6 13.e5 Nd5 14.Bd2 a5 15.Nb1 axb4 16.cxb4 dxe5 17.dxe5
Rfd8 18.a3 c3 19.Nxc3 Nxc3 20.Bxc3 Nxe5 21.Qxd8+ Rxd8 22.Nxe5 Bxe5 23.Bxe5 Rd2  
0-1